Подробности
| 000 -МАРКЕР |
| контрольное поле |
01285nam2a2200265 4500 |
| 001 - ИДЕНТИФИКАТОР ЗАПИСИ |
| контрольное поле |
RU\NLR\BIBL_A\010003745 |
| 005 - ИДЕНТИФИКАТОР ВЕРСИИ |
| контрольное поле |
20260406093738.0 |
| 010 ## - МЕЖДУНАРОДНЫЙ СТАНДАРТНЫЙ НОМЕР КНИГИ (ISBN) |
| Номер (ISBN) |
978-5-381-00377-5 |
| Уточнения |
т. 1 |
| Тираж |
3000 |
| 021 ## - НОМЕР ГОСУДАРСТВЕННОЙ РЕГИСТРАЦИИ |
| Код страны |
Российская Федерация |
| Номер |
2013-78926 |
| Номер Листа государственной регистраци |
5441 |
| 035 ## - ДРУГИЕ СИСТЕМНЫЕ НОМЕРА |
| Идентификатор записи |
(NLR Aleph) 010003745 |
| 100 ## - ДАННЫЕ ОБЩЕЙ ОБРАБОТКИ |
| Данные общей обработки |
20131113d2013 |||y0rusy50 ca |
| 101 1# - ЯЗЫК РЕСУРСА |
| Язык текста, звукозаписи и т.д. |
русский |
| Язык оригинала |
французский |
| 102 ## - СТРАНА ПУБЛИКАЦИИ ИЛИ ПРОИЗВОДСТВА |
| Страна публикации |
Российская Федерация |
| 105 ## - ПОЛЕ КОДИРОВАННЫХ ДАННЫХ: ТЕКСТОВЫЕ МАТЕРИАЛЫ, МОНОГРАФИЧЕСКИЕ |
| Кодированные данные о монографическом текстовом документе |
ac||z|||000ay |
| 200 1# - ЗАГЛАВИЕ И СВЕДЕНИЯ ОБ ОТВЕТСТВЕННОСТИ |
| Основное заглавие |
Пять недель на воздушном шаре |
| Первые сведения об ответственности |
[ил. Эдуарда Риу |
| Последующие сведения об ответственности |
пер. с фр. А. Бекетовой] |
| 210 ## - ПУБЛИКАЦИЯ, РАСПРОСТРАНЕНИЕ И ДР. |
| Дата издания, распространения и т.д. |
2013 |
| Место издания, распространения и т.д. |
Б. м. |
| 215 ## - ФИЗИЧЕСКАЯ ХАРАКТЕРИСТИКА |
| Специфическое обозначение материала и объем |
254, [1] c. |
| Другие сведения о физической характеристике |
ил., портр. |
| 461 #0 - УРОВЕНЬ НАБОРА |
| Встроенное поле |
001RU\NLR\BIBL_A\010028345 |
| -- |
2000#$aИзбранные произведения$e[в 6 т.]$fЖюль Верн$g[пер. с фр. И. Петрова$gил. Ж.-Д. Фера]$v[Т. 1] |
| -- |
700#1$aВерн$bЖ.$gЖюль$f1828-1905$3RU\NLR\AUTH\773453 |
| Системный номер (АБИС) связанной записи |
9936061 |
| Автор |
Верн, Ж. (1828-1905) |
| Место публикации |
Москва |
| Дата публикации |
2013 |
| Первые сведения об ответственности |
Жюль Верн |
| Имя издателя, распространителя и т.д. |
Престиж Бук |
| Сведения, относящиеся к заглавию |
[в 6 т.] |
| Заглавие |
Избранные произведения |
| ISBN |
9785381003768 |
| Номер тома |
[Т. 1] |
| 702 #1 - ИМЯ ЛИЦА - ВТОРИЧНАЯ ОТВЕТСТВЕННОСТЬ |
| Код отношения |
Иллюстратор |
| Графика поля |
Кириллица |
| Материалы, к которым относится поле |
rus |
| Начальный элемент ввода |
Риу |
| Часть имени, кроме начального элемента ввода |
Э. |
| Даты |
1833-1900 |
| Расширение инициалов личного имени |
Эдуард |
| Системный номер авторитетной/нормативной записи |
50051 |
| Идентификатор авторитетной/нормативной записи |
RU\NLR\AUTH\7767123 |
| 942 ## - ДОПОЛНИТЕЛЬНЫЕ ЭЛЕМЕНТЫ ЗАПИСИ (АБИС) |
| Тип экземпляра АБИС |
Книга |
| 980 ## - КОЛЛЕКЦИЯ |
| Название коллекции |
Национальная библиография |